| 000 | 01016nam a2200253 a 4500 | ||
|---|---|---|---|
| 001 | BRCA_972 | ||
| 005 | 20190320203228.0 | ||
| 008 | 010409s2001 nyua---##b---#001-0#eng-# | ||
| 020 | _a0810906198 | ||
| 020 | _a0872731456 | ||
| 040 |
_aDLC _cDLC _dDLC |
||
| 050 | 4 |
_aN6512 _b.R35 2001 |
|
| 100 | 1 |
_aRapaport, Brooke Kamin _93209 |
|
| 245 | 1 | 0 |
_aVital forms _bAmerican art and design in the atomic age : 1940-1960 _cBrooke Kamin Rapaport, Kevin L. Stayton with contributions by Paul Boyer ... [et al.]. |
| 260 |
_aNueva York _bBrooklyn Museum of Art : Harry N. Abrams _c2001 |
||
| 300 |
_a256 p. _bil. (algunas a color) _c28 cm. |
||
| 500 | _aCatálogo de la exposición realizada en el Brooklyn Museum of Art (New York), 12 octubre, 2001 - 29 junio, 2003 | ||
| 500 | _aIncluye índice alfabético e índice de ilustraciones | ||
| 504 | _aBibliografía : p. 246-247 | ||
| 650 | 1 | 4 |
_aArte americano _vExposiciones _ySiglo XX _93210 |
| 700 | 1 |
_aStayton, Kevin L _93211 |
|
| 700 | 1 |
_aBoyer, Paul _93212 |
|
| 942 |
_2lcc _cB |
||
| 999 |
_c858 _d858 |
||